Генезис корейского и японского языков (синтаксис и морфология); Лингвистические и культурологические традиции образования

Bibliographic Details
Parent link:Лингвистические и культурологические традиции образования.— 2002.— С. 329-331
Main Author: Кравцова Л. В.
Other Authors: Разумейко О. П. Ольга Павловна, Ю Кон-Сю
Language:Russian
Published: 2002
Subjects:
Format: Book Chapter
KOHA link:https://koha.lib.tpu.ru/cgi-bin/koha/opac-detail.pl?biblionumber=88036

MARC

LEADER 00000naa2a2200000 4500
001 88036
005 20250918140717.0
035 |a (RuTPU)RU\TPU\book\94515 
090 |a 88036 
100 |a 20051220d2002 k y0rusy50 ca 
101 0 |a rus 
102 |a RU 
200 1 |a Генезис корейского и японского языков (синтаксис и морфология)  |f Л. В. Кравцова, О. П. Разумейко, Ю Кон-Сю 
320 |a Библиогр.: 4 назв. 
463 0 |0 (RuTPU)RU\TPU\book\60263  |t Лингвистические и культурологические традиции образования  |o материалы II Международной научно-практической конференции, Томск, июнь 2002  |f Томский политехнический университет; Под ред. Н. А. Качалова  |v С. 329-331  |d 2002 
610 1 |a синтаксис 
610 1 |a морфология 
610 1 |a японский язык 
610 1 |a корейский язык 
610 1 |a компьютерный анализ 
610 1 |a лексикостатистический анализ 
610 1 |a труды учёных ТПУ 
700 1 |a Кравцова  |b Л. В. 
701 1 |a Разумейко  |b О. П.  |c лингвист  |c старший преподаватель Томского политехнического университета  |f 1979-  |g Ольга Павловна  |3 (RuTPU)RU\TPU\pers\26764  |9 12407 
701 1 |a Ю Кон-Сю 
801 1 |a RU  |b 63413507  |c 20051220  |g PSBO 
801 2 |a RU  |b 63413507  |c 20211014  |g PSBO 
942 |c BK